Statistics for Ridley Scott Filmography

Click here to take the quiz!

General Stats

  • This quiz has been taken 20 times
    (6 since last reset)
  • The average score is 34 of 119

Answer Stats

Type Year Name % Correct
Film Director2017Alien: Covenant
100%
Film Director1979Alien
100%
Film Director2012Prometheus
100%
Film Director2000Gladiator
100%
Film Director2007American Gangster
80%
Film Director2015The Martian
80%
Film Director2014Exodus: Gods and Kings
60%
Film Director2010Robin Hood
60%
Film Director2017All the Money in the World
60%
Film Director2008Body of Lies
60%
Film Director2013The Counselor
60%
Film Director2005Kingdom of Heaven
60%
Film Director1982Blade Runner
60%
Film Director2001Black Hawk Down
60%
TV Show Production2015-PresentThe Man in the High Castle
40%
Film Director2003Matchstick Men
40%
Film Director2001Hannibal
40%
Film Director1978The Duellists
40%
Commercial19841984
40%
Film Director19921492: Conquest of Paradise
40%
Film Director2020The Last Duel
40%
Film Director1991Thelma & Louise
40%
Film Production2017Blade Runner 2049
20%
Film Production2015Child 44
20%
Commercial2012The Polar Bears
20%
Film Production2020Death on the Nile
20%
Film Production2013The East
20%
Film Production2013Stoker
20%
TV Film Production2013Killing Lincoln
20%
TV Film Production2013Killing Kennedy
20%
Film Production2014Get Santa
20%
Video Game Production2014Halo: Nightfall
20%
TV Mini-Series Production2019A Christmas Carol
20%
TV Show Production2019The Passage
20%
Film Production2019The Aftermath
20%
Film Production2015Equals
20%
Film Production2017Newness
20%
Film Production2015Concussion
20%
TV Show Production2018-PresentThe Terror
20%
TV Film Production2015Killing Jesus
20%
Film Production2016Mindhorn
20%
TV Show Production2016BrainDead
20%
Film Production2018Zoe
20%
Commercial2012Fame
20%
Film Production2018American Woman
20%
TV Show Production2016-2017Mercy Street
20%
TV Show Production2017-PresentThe Good Fight
20%
TV Show Production2017-PresentTaboo
20%
Film Production2017Murder on the Orient Express
20%
Commercial1973Bike Round
20%
TV Mini-Series Production2012Coma
20%
TV Mini-Series Production2012Labyrinth
20%
Film Director2006A Good Year
20%
Commercial1979Chanel... Share the Fantasy
20%
Film Director1985Legend
20%
Commercial1986Deficit Trials
20%
Commercial1986The Choice of a New Generation
20%
Film Director1987Someone to Watch Over Me
20%
Film Director1989Black Rain
20%
Commercial1992Nissan 300ZX Twin Turbo
20%
Film Director1996White Squall
20%
Film Director1997G.I. Jane
20%
TV Mini-Series Production2012World Without End
20%
TV Show Production2005-2010NUMB3RS
20%
Film ProductionTBANaked Singularity
20%
TV Show Production2009-2016The Good Wife
20%
Film Production2011The Grey
20%
TV Documentary Production2011Gettysburg
20%
Film Production2010The A-Team
20%
Film Production2010Cyrus
20%
Film Production2019Earthquake Bird
0%
Film Production2013Out of the Furnace
0%
Film Production2013Welcome to the Punch
0%
Film Production2011Life in a Day
0%
Film Production2019The Friend
0%
Film Production2019The Last Vermeer
0%
Film Production1994The Browning Version
0%
Film Production2019Jungleland
0%
Documentary Series Production2011Prophets of Science Fiction
0%
Commercial2019The Journey
0%
TV Documentary Production2012Britain in a Day
0%
Film Production1994Monkey Trouble
0%
Commercial1995La Légende de Quézac
0%
Commercial1995Hutchison Telecom Future Thoughts RSA / Orange Telecom
0%
Film Production2009Cracks
0%
TV Mini-Series Production2010The Pillars of the Earth
0%
Film Production2017Mark Felt: The Man Who Brought Down the White House
0%
Film Production2017Phoenix Forgotten
0%
Film Production1998Clay Pigeons
0%
TV Film Production1999RKO 281
0%
Film Production2014Before I Go to Sleep
0%
Commercial2016Ridley Scott + IBM Watson: A Conversation
0%
Film Production2005In Her Shoes
0%
Film Production2016Morgan
0%
Film Production2010Welcome to the Rileys
0%
Film Production2006Tristan & Isolde
0%
Film Production2007The Assassination of Jesse James by the Coward Robert Ford
0%
Film Production2009Tell-Tate
0%
Film Production2000Where the Money Is
0%

Score Distribution

Percentile by Number Answered

Percent of People with Each Score

Your Score History

You have not taken this quiz since the last reset